Yugioh Effect Monsters - Multiple Choice - Statistics

General Stats
  • This quiz has been taken 65 times
  • The average score is 9 of 15
Answer Stats
Question Answer % Correct
When a card or effect is activated that includes any of these effects (Quick Effect): You can discard this card; negate that effect. Add a card from the deck to the hand. Special Summon from the Deck. Send a Card from the Deck to the GY. You can only use the effect of __________ once per turn. Ash Blossom and Joyous Spring
84%
When this card is activated: You can Special Summon 1 "Helios - The Primordial Sun" from your hand or Deck. While this card is face-up on the field, any card sent to the GY is banished instead. Macro Cosmos
80%
1 Tuner + 1+ non-Tuner monsters If a monster is Synchro Summoned: Draw 1 card. This card must be face-up on the field to activate and to resolve this effect. T.G. Hyper Librarian
80%
Pay 1000 LP; your opponent discards 1 random card, and if they have any other cards in hand, discard 1 more card of their choice. Delinquent Duo
68%
Discard 1 card; destroy all face-up monsters your opponent controls. Lightning Vortex
68%
Cannot be Normal Summoned/Set. Must be Special Summoned (from your hand) by banishing 1 LIGHT and 1 DARK monster from your GY. Once per turn: You can pay 1000 LP; send as many cards in both players' hands and on the field as possible to the GY, then inflict 300 damage to your opponent for each card sent to the opponent's GY by this effect. You cannot activate other cards or effects during the turn you activate this card's effect. Chaos Emperor Dragon - Envoy of the End
64%
Each time your opponent Special Summons an Effect monster(s) during the Main Phase or Battle Phase, you gain LP equal to the current ATK of that monster(s). (If you do not gain LP with this effect, halve your LP during the End Phase) Ghost Sister and Spooky Dogwood
60%
Each player can only control 1 Attribute of monster. Send all other face-up monsters they control to the GY. Gozen Match
60%
2 Level 5 LIGHT monsters Once per turn (Quick Effect): You can detach 1 material from this card, then target 1 card on the field; return that target to the hand. Constellar Pleiades
48%
Neither player can Special Summon monsters. When another monster is Normal Summoned to either player's side of the field, destroy this card. Aurora Paragon
44%
Destroy 1 face-up Attack Position monster with the highest ATK. (If it is a tie, you get to choose.) Hammer Shot
44%
When a monster(s) would be Summoned, OR when a Spell/Trap Card, or monster effect, is activated that includes an effect that Special Summons a monster(s): Pay 2000 LP; negate the Summon or activation, and if you do, destroy it. Solemn Warning
44%
Once per turn, when this card inflicts battle damage to your opponent: You can Set 1 "Fire Formation" Spell Card directly from your Deck. Once per turn: You can send 1 face-up "Fire Formation" Spell/Trap Card you control to the Graveyard, then target 1 monster on the field; destroy that target. Brotherhood of the Fire Fist - Bear
40%
3 Level 8 monsters Once per turn, if you have no cards in your Spell & Trap Card Zone: You can detach 1 Xyz Material from this card, and if you do, place 1 Destiny Counter on this card. You cannot conduct your Battle Phase the turn you activate this effect. When 3 Destiny Counters are on this card, you win the Duel. Number 88: Gimmick Puppet of Leo
40%
When this card is Normal Summoned: You can Special Summon 1 Level 4 or lower "Six Samurai" monster from your hand. While you control a "Six Samurai" monster with a different name, this card gains 1500 ATK. Legendary Six Samurai - Kageki
36%
No matching quizzes found
Score Distribution
Percent of People with Each Score
Percentile by Number Answered
Your Score History
You have not taken this quiz